00681nam a2200241 a 4500001001300000003000900013005001700022008004100039020001000080082001300090100002600103245004600129260004900175300000900224500003500233505001000268650001300278650002200291902000800313942000700321952009400328999001700422nice12345678IN_TiNIC20260116013406.0050524s1992 mada grp 000 0 eng  ac13000a230bFRA aFrancis, T Dayanandan aAsian Expressions of Christian Commitment aMadras bChristian Literature Society c1992 a416p aincludes index and biblioraphy2 aIndex aTheology aChristianity-Asia bSRS cBK 00104070aHMIbHMId2007-08-01g130.00l0o230 FRAp015515r2007-08-01w2026-01-16yEB c10832d10832